000 00500nam a2200205Ia 4500
005 20250425161519.0
008 250425s9999 xx 000 0 und d
020 _a0201019957
041 _aeng
082 _a001.642
100 _aFOSTER, CAXTON C.
245 0 _aPROGRAMMING A MICROCOMPUTER: 6502
250 _aS.E.
260 _aEstados Unidos
_bADDISON - WESLEY
_c1978
260 _aREADING
300 _a231
650 _aPROGRAMACION DE COMPUTADORES
942 _c01
010 _a21962
999 _c210722
_d210722